Statistiques concernant Feuilles d'arbres et arbustes d'Europe

Cliquez ici pour prendre le quiz!

Statistiques générales

  • Ce quiz a été pris 476 fois
  • Le résultat moyen est 6 sur 20

Statistiques - réponses

Réponse% Correct
Citronnier
88%
Houx commun
88%
Chêne rouvre
73%
Sapin blanc
72%
Pin sylvestre
70%
Figuier
65%
Érable plane
61%
Marronier d'inde
58%
Merisier
58%
Noisetier
53%
Laurier-sauce
49%
Châtaignier commun
48%
Platane commun
48%
Églantier
46%
Arbousier
41%
Mûrier noir
40%
Aubépine monogyne
38%
Olivier
38%
Pommier sauvage
37%
Cognassier
36%
If commun
34%
Hêtre commun
33%
Sureau noir
33%
Épicéa commun
30%
Robinier faux-acacia
29%
Charme commun
27%
Cyprès commun
26%
Frêne commun
26%
Genévrier commun
25%
Groseillier à grappes
24%
Lilas commun
24%
Orme champêtre
24%
Tilleul à petites feuilles
24%
Laurier-rose
22%
Noyer commun
20%
Ajonc d'Europe
19%
Mélèze d'Europe
15%
Sorbier des oiseleurs
15%
Néflier
14%
Peuplier tremble
14%
Aulne glutineux
12%
Bouleau pubescent
12%
Micocoulier de Provence
12%
Troène commun
11%
Cornouiller sanguin
10%
Saule marsault
9%
Viorne obier
9%
Poirier
8%
Argousier
6%
Épine-vinette
5%
Bourdaine
4%
Chèvrefeuille des haies
4%
Pistachier lentisque
4%
Tamaris commun
4%
Cotonéaster commun
3%
Baguenaudier
2%
Buis commun
2%
Fusain d'Europe
2%
Myrte commun
2%
Ciste de Montpellier
0%

Distribution des résultats

Percentile par nombre de réponses

% des personnes avec chaque résultat

Votre développement - résultats

Vous n’avez pas pris ce quiz